[Event "Play for Durgesh Fundraiser Blitz"]
[Site "Vishy Anand Arena"]
[Date "2020.09.19"]
[Round "7"]
[White "Ravs_rams"]
[Black "Poorvi_2005"]
[Result "0-1"]
[WhiteElo "1504"]
[BlackElo "1718"]
[Annotator "NA"]
[PlyCount "56"]
[EventDate "2020.09.19"]
[EventType "swiss (blitz)"]

1. e4 c5 2. Nf3 Nc6 3. d4 cxd4 4. Nxd4 e5 5. Nf5 Qc7 6. Nc3 d6 7. Nd5 Qd7 8. Be2 Nf6 9. Bg4 Nxd5 10. Nxg7+ Bxg7 11. Bxd7+ Bxd7 12. exd5 Nd4 13. c3 Nf5 14. Qh5 O-O 15. O-O Rac8 16. Re1 Rc4 17. Qf3 Rh4 18. Bg5 Bf6 19. Bxf6 Rh6 20. Qg4+ Rg6 21. Qe4 Rxf6 22. Re3 Nxe3 23. Qxe3 Rg6 24. h4 Kh8 25. f4 Rfg8 26. Qf3 exf4 27. h5 Rg3 28. Qf2 f3 0-1

[Event "Play for Durgesh Fundraiser Blitz"]
[Site "Vishy Anand Arena"]
[Date "2020.09.19"]
[Round "7"]
[White "Vivaan_r_2204"]
[Black "Shashank Karanam"]
[Result "1-0"]
[WhiteElo "1504"]
[BlackElo "1553"]
[Annotator "NA"]
[PlyCount "31"]
[EventDate "2020.09.19"]
[EventType "swiss (blitz)"]

1. e4 c5 2. Bc4 a6 3. Qf3 e6 4. d3 b5 5. Be3 bxc4 6. dxc4 Nc6 7. a3 Bb7 8. Ne2 Be7 9. O-O Ne5 10. Qh3 Nf6 11. Nf4 Bxe4 12. Nc3 Bxc2 13. Nh5 Bf5 14. Nxg7+ Kf8 15. Nxf5 exf5 16. Qxf5 1-0

[Event "Play for Durgesh Fundraiser Blitz"]
[Site "Vishy Anand Arena"]
[Date "2020.09.19"]
[Round "7"]
[White "Sarvad64squares"]
[Black "Pratul Rastogi"]
[Result "1-0"]
[WhiteElo "1502"]
[BlackElo "1364"]
[Annotator "NA"]
[PlyCount "55"]
[EventDate "2020.09.19"]
[EventType "swiss (blitz)"]

1. e4 d5 2. exd5 Qxd5 3. Nf3 Qd8 4. d4 Nc6 5. c4 e6 6. Nc3 Nf6 7. Be3 g6 8. Be2 Bg7 9. O-O O-O 10. a3 a6 11. b4 b5 12. cxb5 axb5 13. Bxb5 Bd7 14. Bxc6 Bxc6 15. b5 Bd7 16. a4 c6 17. bxc6 Bxc6 18. Ne5 Nd5 19. Nxc6 Qc7 20. Nxd5 exd5 21. Ne5 Bxe5 22. dxe5 Qxe5 23. Qd4 Qd6 24. Bf4 Qd7 25. a5 Rfd8 26. a6 Kf8 27. Bh6+ Kg8 28. Qg7# 1-0

[Event "Play for Durgesh Fundraiser Blitz"]
[Site "Vishy Anand Arena"]
[Date "2020.09.19"]
[Round "7"]
[White "Beradia"]
[Black "Dicedeepak"]
[Result "0-1"]
[WhiteElo "1500"]
[BlackElo "1631"]
[Annotator "NA"]
[PlyCount "68"]
[EventDate "2020.09.19"]
[EventType "swiss (blitz)"]

1. e4 c5 2. Nf3 d6 3. d4 cxd4 4. Nxd4 Nc6 5. Nc3 g6 6. Nxc6 bxc6 7. Qd4 Nf6 8. Bg5 Bg7 9. Rd1 O-O 10. Qe3 Ng4 11. Qc1 f6 12. Be3 Nxe3 13. Qxe3 Kh8 14. Bc4 f5 15. O-O fxe4 16. Nxe4 d5 17. Ng3 Qc7 18. Bd3 Bxb2 19. Rb1 Bg7 20. Rfe1 e5 21. Qc5 e4 22. Be2 Bf5 23. Nxf5 Rxf5 24. Bg4 Rf7 25. Be6 Rf6 26. Bxd5 Qf4 27. Bxc6 Rc8 28. f3 Rfxc6 29. Qd5 Rxc2 30. Rxe4 Qf8 31. Rbe1 Rc1 32. Qb7 Rxe1+ 33. Rxe1 Bd4+ 34. Kh1 Bb6 0-1

[Event "Play for Durgesh Fundraiser Blitz"]
[Site "Vishy Anand Arena"]
[Date "2020.09.19"]
[Round "7"]
[White "advay_aggarwal"]
[Black "Shaarav heda"]
[Result "1-0"]
[WhiteElo "1497"]
[BlackElo "1255"]
[Annotator "NA"]
[PlyCount "67"]
[EventDate "2020.09.19"]
[EventType "swiss (blitz)"]

1. e4 e5 2. Nc3 Nc6 3. Bc4 Bc5 4. Nf3 Nf6 5. O-O O-O 6. d3 d6 7. Nd5 Nxd5 8. Bxd5 Be6 9. Bxe6 fxe6 10. Bg5 Bxf2+ 11. Rxf2 Qe8 12. a3 h6 13. Bh4 g5 14. Nxg5 hxg5 15. Bxg5 Rxf2 16. Kxf2 Qf7+ 17. Kg1 Nd4 18. c3 Nb3 19. Qxb3 d5 20. exd5 exd5 21. c4 dxc4 22. Qxc4 Qxc4 23. dxc4 Rf8 24. Rf1 Rxf1+ 25. Kxf1 b6 26. Ke2 c5 27. Kd3 Kg7 28. Ke4 Kg6 29. Bd8 b5 30. cxb5 c4 31. Kxe5 Kf7 32. Kd4 c3 33. Kxc3 a6 34. bxa6 1-0

[Event "Play for Durgesh Fundraiser Blitz"]
[Site "Vishy Anand Arena"]
[Date "2020.09.19"]
[Round "7"]
[White "Alan K thomas"]
[Black "Bhabnish7"]
[Result "0-1"]
[WhiteElo "1495"]
[BlackElo "1319"]
[Annotator "NA"]
[PlyCount "76"]
[EventDate "2020.09.19"]
[EventType "swiss (blitz)"]

1. e4 c5 2. Nf3 d6 3. d4 cxd4 4. Nxd4 Nf6 5. Nc3 g6 6. Be3 Bg7 7. Bc4 O-O 8. O-O Nc6 9. Nf3 Bd7 10. Nd5 Rc8 11. Nxf6+ Bxf6 12. c3 Ne5 13. Nxe5 Bxe5 14. f4 Bxf4 15. Bxf4 Rxc4 16. Qd3 Bb5 17. Qd5 Qb6+ 18. Kh1 Rc5 19. Qd2 Bxf1 20. Be3 Bb5 21. a4 Bc6 22. b4 Bxe4 23. bxc5 dxc5 24. Rd1 Qc6 25. Qd7 Bxg2+ 26. Kg1 Bf3 27. Qxc6 Bxc6 28. Bxc5 b6 29. Bxe7 Re8 30. Bf6 Bxa4 31. Ra1 b5 32. c4 Rc8 33. cxb5 Bxb5 34. Rxa7 Rc1+ 35. Kf2 Rf1+ 36. Kg2 Rxf6 37. Rb7 Bc6+ 38. Kg3 Bxb7 0-1

[Event "Play for Durgesh Fundraiser Blitz"]
[Site "Vishy Anand Arena"]
[Date "2020.09.19"]
[Round "7"]
[White "Deer25"]
[Black "Sushruthareddy"]
[Result "1-0"]
[WhiteElo "1487"]
[BlackElo "1666"]
[Annotator "NA"]
[PlyCount "85"]
[EventDate "2020.09.19"]
[EventType "swiss (blitz)"]

1. e4 e5 2. Nf3 Nc6 3. Bc4 Bc5 4. c3 Nf6 5. d3 d6 6. O-O O-O 7. Nbd2 h6 8. h3 Be6 9. Re1 Bxc4 10. Nxc4 a6 11. b4 Ba7 12. Be3 Bxe3 13. Nxe3 Ne7 14. Qb3 c6 15. Rad1 Qc7 16. Nf1 Ng6 17. Ng3 Rfe8 18. d4 exd4 19. cxd4 Re7 20. Rc1 Rae8 21. Qd3 Nf4 22. Qe3 N4d5 23. Qd3 Nxb4 24. Qb3 a5 25. a3 Na6 26. Qd3 Nb8 27. Nh4 Nbd7 28. Nhf5 Re6 29. Re3 Rd8 30. d5 Ree8 31. dxc6 bxc6 32. Qxd6 Qxd6 33. Nxd6 Re6 34. Nb7 Rc8 35. Nxa5 Rce8 36. Nxc6 Nxe4 37. Nxe4 Rxe4 38. Rxe4 Rxe4 39. a4 Rxa4 40. Ne7+ Kh7 41. Nc6 Re4 42. f3 Re8 43. Kh2 1-0

[Event "Play for Durgesh Fundraiser Blitz"]
[Site "Vishy Anand Arena"]
[Date "2020.09.19"]
[Round "7"]
[White "Ameethh"]
[Black "TejusD"]
[Result "1-0"]
[WhiteElo "1476"]
[BlackElo "1414"]
[Annotator "NA"]
[PlyCount "31"]
[EventDate "2020.09.19"]
[EventType "swiss (blitz)"]

1. d4 d5 2. c4 e6 3. Nf3 Nf6 4. Bg5 Be7 5. e3 Ne4 6. Bxe7 Qxe7 7. Bd3 b6 8. Nbd2 Bb7 9. Qc2 f5 10. Ne5 O-O 11. f3 Nf6 12. Nf1 c5 13. Ng3 Nc6 14. Qc3 cxd4 15. exd4 Rac8 16. Nxc6 1-0

[Event "Play for Durgesh Fundraiser Blitz"]
[Site "Vishy Anand Arena"]
[Date "2020.09.19"]
[Round "7"]
[White "Naga jaswanth"]
[Black "Boonrook"]
[Result "0-1"]
[WhiteElo "1472"]
[BlackElo "1343"]
[Annotator "NA"]
[PlyCount "42"]
[EventDate "2020.09.19"]
[EventType "swiss (blitz)"]

1. e4 e5 2. Nf3 Nc6 3. Bc4 d6 4. Nc3 Bg4 5. Nd5 Nf6 6. h3 Bxf3 7. Qxf3 Be7 8. Nxf6+ Bxf6 9. Qh5 Qe7 10. O-O O-O-O 11. Qg4+ Kb8 12. d3 h5 13. Qe2 Nd4 14. Qe3 Nxc2 15. Qd2 Nxa1 16. Qa5 Nc2 17. Bd5 Nd4 18. Qb4 c6 19. Bc4 d5 20. exd5 Qxb4 21. dxc6 Nxc6 0-1

[Event "Play for Durgesh Fundraiser Blitz"]
[Site "Vishy Anand Arena"]
[Date "2020.09.19"]
[Round "7"]
[White "Abhishek20082000"]
[Black "arjuncnilambur"]
[Result "1/2-1/2"]
[WhiteElo "1465"]
[BlackElo "1499"]
[Annotator "NA"]
[PlyCount "61"]
[EventDate "2020.09.19"]
[EventType "swiss (blitz)"]

1. d4 d5 2. e3 Bf5 3. c4 dxc4 4. Bxc4 e6 5. Qb3 b6 6. Nf3 Nc6 7. Bb5 Qd6 8. Qa4 Qb4+ 9. Nc3 Qxa4 10. Bxa4 Kd7 11. Ne5+ Kd6 12. Nxf7+ Ke7 13. Nxh8 Nd8 14. e4 Bg4 15. f3 Bh5 16. g4 Be8 17. Bxe8 Kxe8 18. d5 g6 19. dxe6 Nxe6 20. Nd5 c6 21. Ne3 Bg7 22. Nxg6 hxg6 23. O-O Nf4 24. Rf2 Bd4 25. Rc2 c5 26. Rb1 Ne7 27. Kf2 Nd3+ 28. Ke2 Nf4+ 29. Kf2 Nd3+ 30. Ke2 Nf4+ 31. Kf2 1/2-1/2

[Event "Play for Durgesh Fundraiser Blitz"]
[Site "Vishy Anand Arena"]
[Date "2020.09.19"]
[Round "7"]
[White "Anant123"]
[Black "Prathinav244"]
[Result "1-0"]
[WhiteElo "1462"]
[BlackElo "1365"]
[Annotator "NA"]
[PlyCount "23"]
[EventDate "2020.09.19"]
[EventType "swiss (blitz)"]

1. e4 c5 2. Nf3 a6 3. d4 cxd4 4. Nxd4 e5 5. Nb3 Bb4+ 6. Nc3 Nf6 7. Bd3 d5 8. exd5 Nxd5 9. Bd2 O-O 10. Nxd5 Bxd2+ 11. Qxd2 Qxd5 12. Bxh7+ 1-0

[Event "Play for Durgesh Fundraiser Blitz"]
[Site "Vishy Anand Arena"]
[Date "2020.09.19"]
[Round "7"]
[White "Adt1999"]
[Black "IshaanKher"]
[Result "1-0"]
[WhiteElo "1453"]
[BlackElo "1399"]
[Annotator "NA"]
[PlyCount "67"]
[EventDate "2020.09.19"]
[EventType "swiss (blitz)"]

1. e4 e5 2. Nf3 Nc6 3. Bc4 Bc5 4. c3 Nf6 5. d3 d6 6. b4 b5 7. Bb3 Bxf2+ 8. Kxf2 O-O 9. Rf1 d5 10. exd5 Nxd5 11. Kg1 Bg4 12. Bxd5 Qxd5 13. Be3 e4 14. dxe4 Qxe4 15. Bc5 Rfd8 16. Qe1 Qxe1 17. Rxe1 Bxf3 18. gxf3 Rd3 19. a4 bxa4 20. Rxa4 Rxf3 21. Ra6 Ne5 22. Rxe5 f6 23. Re7 Kf8 24. Re3+ Kf7 25. Rxf3 g6 26. Nd2 g5 27. Ne4 h5 28. Nxg5+ Kg6 29. Ne4 Kh6 30. Raxf6+ Kg7 31. Rg3+ Kh7 32. Rf5 Kh6 33. Bf8+ Kh7 34. Rxh5# 1-0

[Event "Play for Durgesh Fundraiser Blitz"]
[Site "Vishy Anand Arena"]
[Date "2020.09.19"]
[Round "7"]
[White "Parth11"]
[Black "Asa0285"]
[Result "0-1"]
[WhiteElo "1452"]
[BlackElo "1400"]
[Annotator "NA"]
[PlyCount "138"]
[EventDate "2020.09.19"]
[EventType "swiss (blitz)"]

1. e4 c5 2. Nf3 Nc6 3. d4 cxd4 4. Nxd4 g6 5. Nc3 Bg7 6. Be3 d6 7. Bb5 Bd7 8. Bxc6 bxc6 9. Qd3 Rb8 10. O-O-O Nf6 11. Nb3 O-O 12. f4 c5 13. e5 dxe5 14. fxe5 Ng4 15. Bxc5 Bf5 16. Qxd8 Rfxd8 17. Bxe7 Rxd1+ 18. Rxd1 Nxe5 19. Bd6 Re8 20. Bxe5 Bxe5 21. g3 Bg7 22. Nd4 Bg4 23. Nce2 Bxe2 24. Re1 Bb5 25. Rxe8+ Bxe8 26. c3 Bxd4 27. cxd4 Bc6 28. b3 Bd5 29. b4 Kf8 30. Kd2 Ke7 31. a4 Kd6 32. Kc3 a6 33. b5 axb5 34. axb5 Kc7 35. Kb4 Kb6 36. Ka4 Be4 37. Kb4 Bd5 38. Ka4 f5 39. Kb4 g5 40. Kc3 f4 41. gxf4 gxf4 42. Kd3 Kxb5 43. Ke2 f3+ 44. Ke3 Kc4 45. h3 h5 46. h4 f2 47. Kxf2 Kxd4 48. Kg3 Ke4 49. Kh2 Kf4 50. Kh3 Be6+ 51. Kg2 Kg4 52. Kf2 Kxh4 53. Kg2 Bd5+ 54. Kh2 Kg4 55. Kg1 Kh3 56. Kf2 Kh2 57. Kf1 h4 58. Kf2 h3 59. Kf1 Bg2+ 60. Kf2 Kh1 61. Kg3 Kg1 62. Kh4 h2 63. Kg5 h1=Q 64. Kf6 Ba8 65. Ke7 Qh6 66. Ke8 Bc6+ 67. Kf7 Bd5+ 68. Ke7 Qe6+ 69. Kf8 Qf7# 0-1

[Event "Play for Durgesh Fundraiser Blitz"]
[Site "Vishy Anand Arena"]
[Date "2020.09.19"]
[Round "7"]
[White "Tanishagr"]
[Black "Prochamp27"]
[Result "0-1"]
[WhiteElo "1450"]
[BlackElo "1491"]
[Annotator "NA"]
[PlyCount "52"]
[EventDate "2020.09.19"]
[EventType "swiss (blitz)"]

1. e4 e5 2. Nf3 Nc6 3. Nc3 Nf6 4. Bc4 Bc5 5. Ng5 O-O 6. Nxf7 Rxf7 7. Bxf7+ Kxf7 8. O-O Kg8 9. Qf3 d6 10. Qg3 Nb4 11. d3 Nxc2 12. Bh6 Nh5 13. Qf3 Nxa1 14. Qxh5 gxh6 15. Qxh6 Nc2 16. Qh5 Be6 17. Nd5 Bxd5 18. exd5 Nd4 19. Qg4+ Kf8 20. Qf5+ Nxf5 21. g4 Qg5 22. Kh1 Qxg4 23. Rg1 Qf3+ 24. Rg2 Bxf2 25. h3 Nh4 26. Kh2 Qxg2# 0-1

[Event "Play for Durgesh Fundraiser Blitz"]
[Site "Vishy Anand Arena"]
[Date "2020.09.19"]
[Round "7"]
[White "Geethanjali2"]
[Black "Kushal Jani"]
[Result "0-1"]
[WhiteElo "1448"]
[BlackElo "1846"]
[Annotator "NA"]
[PlyCount "54"]
[EventDate "2020.09.19"]
[EventType "swiss (blitz)"]

1. e4 c5 2. Nf3 d6 3. d4 cxd4 4. Nxd4 Nf6 5. Nc3 a6 6. Be2 e5 7. Nf3 Be7 8. O-O O-O 9. Bg5 Be6 10. Re1 Nbd7 11. b3 Rc8 12. Qd2 Qc7 13. Bxf6 Nxf6 14. Nd5 Bxd5 15. exd5 Qxc2 16. Qxc2 Rxc2 17. Bd3 Rc3 18. Bc4 b5 19. Bf1 Nxd5 20. Nxe5 dxe5 21. Rxe5 Rd8 22. Rd1 Nf6 23. Be2 Rxd1+ 24. Bxd1 Rc1 25. Re1 Bb4 26. Kf1 Bxe1 27. Kxe1 Ne4 0-1

[Event "Play for Durgesh Fundraiser Blitz"]
[Site "Vishy Anand Arena"]
[Date "2020.09.19"]
[Round "7"]
[White "Vaishnavi0309"]
[Black "Saksham2103"]
[Result "1-0"]
[WhiteElo "1433"]
[BlackElo "1562"]
[Annotator "NA"]
[PlyCount "111"]
[EventDate "2020.09.19"]
[EventType "swiss (blitz)"]

1. e4 e5 2. Nf3 Nf6 3. Nc3 d6 4. d4 exd4 5. Nxd4 Be7 6. Bc4 O-O 7. Be3 Ng4 8. Bd2 Nc6 9. Nxc6 bxc6 10. O-O Ne5 11. Bb3 Be6 12. h3 d5 13. exd5 Bxd5 14. Nxd5 cxd5 15. Bf4 Nc4 16. Re1 c6 17. Rb1 Bf6 18. c3 Nb6 19. Qf3 Re8 20. Rbd1 Rxe1+ 21. Rxe1 Qd7 22. Be5 Bxe5 23. Rxe5 Re8 24. Rxe8+ Qxe8 25. Qf4 Nd7 26. Qc7 Qe1+ 27. Kh2 Qe5+ 28. Qxe5 Nxe5 29. a3 Nd3 30. Ba4 c5 31. b4 cxb4 32. cxb4 Nxf2 33. Bb3 d4 34. Kg3 Nd3 35. Bc2 Ne5 36. a4 d3 37. Bd1 Nc4 38. b5 d2 39. a5 Nxa5 40. Kf3 Nc4 41. Ke2 Nb2 42. Kxd2 Nxd1 43. Kxd1 Kf8 44. Kd2 Ke7 45. Kd3 Kd7 46. Kd4 Kc7 47. Kc5 Kb7 48. g4 g5 49. Kd5 Kb6 50. Kc4 a6 51. bxa6 Kxa6 52. Kd5 Kb6 53. Ke5 Kc6 54. Kf6 Kd5 55. Kxf7 Ke4 56. Kg7 1-0

[Event "Play for Durgesh Fundraiser Blitz"]
[Site "Vishy Anand Arena"]
[Date "2020.09.19"]
[Round "7"]
[White "AAKASH M H"]
[Black "Anshuman Upadhyay"]
[Result "1-0"]
[WhiteElo "1430"]
[BlackElo "1448"]
[Annotator "NA"]
[PlyCount "105"]
[EventDate "2020.09.19"]
[EventType "swiss (blitz)"]

1. e4 e5 2. Nf3 Nf6 3. d4 exd4 4. e5 Qe7 5. Be2 Ng4 6. Qxd4 d6 7. exd6 Qxd6 8. Qe4+ Qe6 9. Qxe6+ Bxe6 10. O-O h5 11. h3 Nf6 12. Nc3 Bd6 13. Be3 O-O 14. Rad1 Nc6 15. Nb5 a6 16. Nxd6 cxd6 17. Rxd6 Rae8 18. Bc5 Ne4 19. Rxe6 Rxe6 20. Bxf8 Kxf8 21. Bd3 Nc5 22. Bc4 Re8 23. Ng5 f6 24. Nh7+ Ke7 25. Re1+ Kd7 26. Rd1+ Ke7 27. g4 Rh8 28. Re1+ Kd8 29. Rd1+ Kc7 30. Nxf6 gxf6 31. gxh5 Rxh5 32. Kh2 Rh8 33. c3 Rf8 34. b4 Ne4 35. f4 Nxc3 36. Rd2 Ne4 37. Re2 Nd6 38. Bd5 Nd4 39. Rd2 N4b5 40. a4 Nc3 41. Rc2 Kd7 42. Rxc3 f5 43. Rd3 Ke7 44. Re3+ Kd7 45. Be6+ Kc7 46. Bd5 Kd7 47. Rd3 Kc7 48. h4 Kd7 49. h5 Kc7 50. h6 Kd7 51. h7 Rh8 52. Rh3 Rxh7 53. Rxh7+ 1-0

[Event "Play for Durgesh Fundraiser Blitz"]
[Site "Vishy Anand Arena"]
[Date "2020.09.19"]
[Round "7"]
[White "Prashanth_k01"]
[Black "Adit pushan"]
[Result "0-1"]
[WhiteElo "1430"]
[BlackElo "1620"]
[Annotator "NA"]
[PlyCount "58"]
[EventDate "2020.09.19"]
[EventType "swiss (blitz)"]

1. d4 Nf6 2. Nf3 e6 3. e3 d5 4. Bd3 Be7 5. c3 O-O 6. Nbd2 c5 7. O-O cxd4 8. cxd4 Nc6 9. Qe2 Qc7 10. e4 dxe4 11. Nxe4 Rd8 12. Nxf6+ Bxf6 13. Qe4 g6 14. Qg4 Nxd4 15. Bg5 Bxg5 16. Nxg5 e5 17. Qh4 f5 18. Rac1 Qg7 19. Bc4+ Kf8 20. Nxh7+ Ke8 21. Nf6+ Kf8 22. Nh7+ Ke8 23. Nf6+ Ke7 24. Nd5+ Kf8 25. Qxd8+ Kf7 26. Nc7+ Be6 27. Bxe6+ Nxe6 28. Qd7+ Kg8 29. Qxe6+ Kh8 0-1

[Event "Play for Durgesh Fundraiser Blitz"]
[Site "Vishy Anand Arena"]
[Date "2020.09.19"]
[Round "7"]
[White "Believe1996"]
[Black "VenkChess"]
[Result "0-1"]
[WhiteElo "1423"]
[BlackElo "1538"]
[Annotator "NA"]
[PlyCount "88"]
[EventDate "2020.09.19"]
[EventType "swiss (blitz)"]

1. d4 d5 2. c4 e6 3. Nc3 Nf6 4. e3 Bb4 5. Qc2 O-O 6. Nf3 dxc4 7. Bxc4 c5 8. O-O Nc6 9. dxc5 Bxc5 10. Rd1 Qc7 11. h3 b6 12. a3 Bb7 13. b4 Bd6 14. Bd3 Ne5 15. Nxe5 Bxe5 16. Ne4 Qxc2 17. Nxf6+ Bxf6 18. Bxc2 Bxa1 19. Bd2 Bf6 20. Ba4 Rfd8 21. Kf1 Ba6+ 22. Ke1 h6 23. Rc1 Rac8 24. Rxc8 Rxc8 25. Bb3 Bc3 26. Bxc3 Rxc3 27. Bd1 Rxa3 28. Be2 Bxe2 29. Kxe2 Rb3 30. Kf3 Rxb4 31. e4 Rc4 32. Ke3 b5 33. Kd3 a5 34. f4 a4 35. f5 exf5 36. exf5 a3 37. g4 a2 38. g5 hxg5 39. f6 gxf6 40. h4 g4 41. h5 a1=Q 42. h6 Qd1+ 43. Ke3 Qd4+ 44. Ke2 Rc2+ 0-1

[Event "Play for Durgesh Fundraiser Blitz"]
[Site "Vishy Anand Arena"]
[Date "2020.09.19"]
[Round "7"]
[White "VK2003"]
[Black "Arnav_krishna"]
[Result "1-0"]
[WhiteElo "1421"]
[BlackElo "1638"]
[Annotator "NA"]
[PlyCount "63"]
[EventDate "2020.09.19"]
[EventType "swiss (blitz)"]

1. e4 e5 2. Nf3 Nc6 3. Bc4 Bc5 4. c3 d5 5. exd5 Na5 6. Be2 Bg4 7. b4 Nb3 8. Qxb3 Be7 9. h3 Bh5 10. Nxe5 Bxe2 11. Kxe2 Bd6 12. d4 Qe7 13. Qa4+ Kf8 14. Qd7 Bxe5 15. Qxe7+ Kxe7 16. dxe5 Re8 17. f4 f6 18. e6 Kd8 19. Kf3 Nh6 20. g4 f5 21. g5 Ng8 22. c4 Ne7 23. Nc3 Ng6 24. h4 h5 25. Bb2 Rhg8 26. Rad1 b6 27. Kg3 a6 28. Rhe1 Kc8 29. c5 bxc5 30. bxc5 Kd8 31. d6 c6 32. Na4 1-0

[Event "Play for Durgesh Fundraiser Blitz"]
[Site "Vishy Anand Arena"]
[Date "2020.09.19"]
[Round "7"]
[White "Chnivas"]
[Black "Doremon2011"]
[Result "1/2-1/2"]
[WhiteElo "1415"]
[BlackElo "1509"]
[Annotator "NA"]
[PlyCount "83"]
[EventDate "2020.09.19"]
[EventType "swiss (blitz)"]

1. e4 e5 2. Nf3 Nc6 3. Bb5 a6 4. Ba4 Nf6 5. d3 Be7 6. c3 b5 7. Bb3 O-O 8. O-O d6 9. Re1 Nb8 10. h3 Nbd7 11. Nbd2 Nc5 12. Bc2 d5 13. exd5 Qxd5 14. Rxe5 Qd8 15. d4 Ncd7 16. Re1 Bb7 17. Ne4 Nxe4 18. Bxe4 Bxe4 19. Rxe4 Nf6 20. Re1 Bd6 21. Bg5 Be7 22. Qd2 h6 23. Bh4 Qd7 24. Bg3 Nd5 25. Ne5 Qf5 26. Qd3 Qf6 27. Nd7 Qc6 28. Nxf8 Bxf8 29. Re2 Nf6 30. Rae1 Rd8 31. Be5 Nd7 32. Qg3 Nxe5 33. Rxe5 Qc4 34. Re8 Rxe8 35. Rxe8 Qxa2 36. Qxc7 Qxb2 37. Qd8 Qc1+ 38. Kh2 Qf4+ 39. Kg1 Qc1+ 40. Kh2 Qf4+ 41. Kh1 Qc1+ 42. Kh2 1/2-1/2

[Event "Play for Durgesh Fundraiser Blitz"]
[Site "Vishy Anand Arena"]
[Date "2020.09.19"]
[Round "7"]
[White "Vvalsaraju"]
[Black "Aayush NPS"]
[Result "1/2-1/2"]
[WhiteElo "1405"]
[BlackElo "1396"]
[Annotator "NA"]
[PlyCount "112"]
[EventDate "2020.09.19"]
[EventType "swiss (blitz)"]

1. e4 d5 2. exd5 Qxd5 3. Nf3 Bg4 4. Be2 Bxf3 5. Bxf3 Qe5+ 6. Qe2 Qxe2+ 7. Bxe2 Nc6 8. c3 O-O-O 9. d4 e5 10. dxe5 Nxe5 11. Bf4 Nd3+ 12. Bxd3 Rxd3 13. O-O Bd6 14. Bxd6 Rxd6 15. Na3 Nf6 16. Nb5 Rd5 17. c4 Rd4 18. b3 a6 19. Nc3 Rhd8 20. f3 c6 21. Rfd1 b5 22. Rxd4 Rxd4 23. cxb5 axb5 24. Rd1 Rxd1+ 25. Nxd1 c5 26. Kf2 c4 27. bxc4 bxc4 28. Nc3 Kc7 29. Ke3 Kc6 30. Kd4 Nd7 31. Kxc4 Nb6+ 32. Kb4 Nd5+ 33. Nxd5 Kxd5 34. Kb5 f5 35. a4 Kd6 36. Kb6 Kd7 37. Kb7 g5 38. a5 g4 39. fxg4 fxg4 40. a6 h5 41. a7 h4 42. a8=Q g3 43. hxg3 hxg3 44. Qg8 Kd6 45. Qxg3+ Kd5 46. Qf4 Kc5 47. Qe5+ Kc4 48. Kb6 Kb3 49. Qc5 Kb2 50. Kb5 Kb3 51. Qd4 Kc2 52. Kb4 Kc1 53. Kc3 Kb1 54. Qd1+ Ka2 55. Kb4 Kb2 56. Qd2+ Ka1 1/2-1/2

[Event "Play for Durgesh Fundraiser Blitz"]
[Site "Vishy Anand Arena"]
[Date "2020.09.19"]
[Round "7"]
[White "Kiruthi"]
[Black "HRICK2008"]
[Result "0-1"]
[WhiteElo "1383"]
[BlackElo "1490"]
[Annotator "NA"]
[PlyCount "96"]
[EventDate "2020.09.19"]
[EventType "swiss (blitz)"]

1. c4 e5 2. e4 c6 3. d3 d5 4. cxd5 cxd5 5. exd5 Qxd5 6. Nc3 Qd8 7. Nf3 Nc6 8. Be3 Bb4 9. d4 exd4 10. Nxd4 Nxd4 11. Bxd4 Nf6 12. Be2 O-O 13. O-O b6 14. a3 Be7 15. f4 Bb7 16. Bf3 Rb8 17. Be5 Bc5+ 18. Kh1 Bxf3 19. Rxf3 Qxd1+ 20. Rxd1 Ng4 21. Rdf1 Rbd8 22. h3 Nxe5 23. fxe5 Rd2 24. Ne4 Rd5 25. Nxc5 Rxc5 26. e6 f6 27. g4 Re8 28. Re1 Re5 29. Rfe3 R8xe6 30. Rxe5 Rxe5 31. Rxe5 fxe5 32. Kg2 Kf7 33. Kf3 Ke6 34. Ke4 g5 35. b4 b5 36. Ke3 Kd5 37. Kd3 e4+ 38. Ke3 Ke5 39. Ke2 Kd4 40. Kf2 e3+ 41. Ke2 Ke4 42. Ke1 Kd3 43. Kf1 e2+ 44. Ke1 Ke3 45. h4 gxh4 46. g5 h3 47. g6 h2 48. gxh7 h1=Q# 0-1

[Event "Play for Durgesh Fundraiser Blitz"]
[Site "Vishy Anand Arena"]
[Date "2020.09.19"]
[Round "7"]
[White "Aryam_2006"]
[Black "Prajwalpshenoy"]
[Result "0-1"]
[WhiteElo "1376"]
[BlackElo "1452"]
[Annotator "NA"]
[PlyCount "72"]
[EventDate "2020.09.19"]
[EventType "swiss (blitz)"]

1. e4 e6 2. d4 d5 3. Nc3 Bb4 4. e5 Ne7 5. a3 Bxc3+ 6. bxc3 c5 7. Qg4 Qc7 8. Qxg7 Rg8 9. Qxh7 cxd4 10. Ne2 Nbc6 11. f4 dxc3 12. Qd3 d4 13. Nxd4 Nxd4 14. Qxd4 Bd7 15. Rg1 Nf5 16. Qf2 Qc6 17. Bd3 Qd5 18. Rb1 Bc6 19. Rb3 O-O-O 20. Rxc3 Kb8 21. Rb3 Rxg2 22. Rxg2 Qxg2 23. Qxg2 Bxg2 24. Kf2 Bd5 25. Bxf5 Bxb3 26. cxb3 exf5 27. h4 Rd3 28. Kg2 Rc3 29. Bd2 Rc2 30. Kf3 Rxd2 31. Ke3 Rh2 32. Kd4 Rxh4 33. Kd5 Rxf4 34. Kd6 Re4 35. Ke7 Rxe5+ 36. Kxf7 f4 0-1

[Event "Play for Durgesh Fundraiser Blitz"]
[Site "Vishy Anand Arena"]
[Date "2020.09.19"]
[Round "7"]
[White "Palakchaurasia"]
[Black "Tigerchamp"]
[Result "0-1"]
[WhiteElo "1370"]
[BlackElo "1434"]
[Annotator "NA"]
[PlyCount "70"]
[EventDate "2020.09.19"]
[EventType "swiss (blitz)"]

1. e4 e5 2. Nf3 Nc6 3. Nc3 Bc5 4. Bb5 Nh6 5. Bxc6 bxc6 6. Nxe5 d6 7. Nxc6 Qd7 8. Na5 Ng4 9. f3 Nf2 10. Qe2 Nxh1 11. Qf1 Bf2+ 12. Kd1 O-O 13. Qxh1 Re8 14. d3 Bb6 15. Nc4 Ba6 16. Nxb6 axb6 17. Be3 c5 18. Na4 Qxa4 19. b3 Qc6 20. Rc1 Rad8 21. Kd2 d5 22. Rd1 dxe4 23. fxe4 Qxe4 24. Re1 Qe7 25. Kc1 Qxe3+ 26. Rxe3 Rxe3 27. Kb1 Rde8 28. Qg1 Re1+ 29. Kb2 Rxg1 30. g3 Ree1 31. c4 b5 32. cxb5 Bxb5 33. a4 Bxd3 34. a5 Ba6 35. Ka3 Ra1+ 0-1

[Event "Play for Durgesh Fundraiser Blitz"]
[Site "Vishy Anand Arena"]
[Date "2020.09.19"]
[Round "7"]
[White "Nithin2107"]
[Black "tacticabd"]
[Result "0-1"]
[WhiteElo "1369"]
[BlackElo "1823"]
[Annotator "NA"]
[PlyCount "71"]
[EventDate "2020.09.19"]
[EventType "swiss (blitz)"]

1. e4 e6 2. Nc3 d5 3. exd5 exd5 4. d4 Nf6 5. Nf3 h6 6. Be3 c6 7. Be2 Bb4 8. Qd2 Ne4 9. Qd3 Bf5 10. O-O Bxc3 11. bxc3 Ng3 12. Qd2 Nxf1 13. Rxf1 O-O 14. Bxh6 gxh6 15. Qxh6 Bg6 16. Ng5 Qf6 17. Bh5 Qg7 18. Qxg7+ Kxg7 19. Bxg6 Kxg6 20. Nf3 Nd7 21. Ne5+ Nxe5 22. dxe5 Rfe8 23. f4 Kf5 24. h3 b5 25. g4+ Ke4 26. Kg2 Ke3 27. Kg3 Kd2 28. Rf2+ Kxc3 29. Kf3 c5 30. Ke3 f6 31. Rf3 fxe5 32. fxe5 Rf8 33. Rg3 Rae8 34. Ke2+ Kxc2 35. Re3 Rf4 36. h4 0-1

[Event "Play for Durgesh Fundraiser Blitz"]
[Site "Vishy Anand Arena"]
[Date "2020.09.19"]
[Round "7"]
[White "PowerPufGirl"]
[Black "aaryan jogalekar"]
[Result "0-1"]
[WhiteElo "1357"]
[BlackElo "1355"]
[Annotator "NA"]
[PlyCount "90"]
[EventDate "2020.09.19"]
[EventType "swiss (blitz)"]

1. d4 d5 2. a3 Nc6 3. h3 Bf5 4. e3 e6 5. Bd3 Bd6 6. Bxf5 exf5 7. Nf3 Nf6 8. O-O O-O 9. Re1 Rc8 10. e4 dxe4 11. Nh2 Re8 12. Nc3 Ne7 13. d5 c6 14. dxc6 Nxc6 15. Nb5 Re6 16. Be3 a6 17. Nd4 Nxd4 18. Bxd4 Bc5 19. Bxc5 Qxd1 20. Raxd1 Rxc5 21. Rd8+ Re8 22. Rdd1 Rxc2 23. f3 Rxb2 24. fxe4 Rc2 25. exf5 Rxe1+ 26. Rxe1 b5 27. Nf3 a5 28. Nd4 b4 29. Nxc2 b3 30. Nd4 a4 31. Nc6 h6 32. Ne7+ Kh7 33. Nc6 Nd5 34. Na5 b2 35. Rb1 Nc7 36. Rxb2 Na6 37. Rb7 Nc5 38. Rxf7 Kg8 39. Rc7 Kh7 40. f6 Kg8 41. f7+ Kf8 42. Nc4 Ne6 43. Ra7 Ng5 44. Nd6 Ne6 45. Ra8+ Ke7 0-1